MIPIM 2020 (Record no. 121175)
[ view plain ]
| 000 -LEADER | |
|---|---|
| fixed length control field | 00636nam a22002057a 4500 |
| 001 - CONTROL NUMBER | |
| control field | K121175 |
| 008 - FIXED-LENGTH DATA ELEMENTS--GENERAL INFORMATION | |
| fixed length control field | 190716b2020 ||||| |||| 00| 0 eng d |
| 110 ## - MAIN ENTRY--CORPORATE NAME | |
| 9 (RLIN) | 6286 |
| Corporate author | MIPIM |
| 245 ## - TITLE STATEMENT | |
| Title | MIPIM 2020 |
| Subtitle | The future is human |
| 520 ## - ABSTRACT | |
| Abstract | Agenda and Programme of events and speakers for MIPIM 2020 taking place in Cannes, France 10 - 13 March 2019. |
| 650 ## - KEYWORDS | |
| Keywords | MIPIM |
| 650 ## - KEYWORDS | |
| Keywords | Placemaking |
| 650 ## - KEYWORDS | |
| Keywords | Cities |
| 650 ## - KEYWORDS | |
| Keywords | Sustainable development |
| 650 ## - KEYWORDS | |
| Keywords | Climate change |
| 650 ## - KEYWORDS | |
| Keywords | Value the Planet |
| 651 ## - SUBJECT ADDED ENTRY--GEOGRAPHIC NAME | |
| Geographic name | International |
| 690 ## - LOCAL SUBJECT ADDED ENTRY--TOPICAL TERM (OCLC, RLIN) | |
| 9 (RLIN) | 6271 |
| Topical term or geographic name as entry element | Sustainability |
| 856 ## - ONLINE RESOURCE | |
| Uniform Resource Identifier | https://www.mipim.com |
| Public note | View at mipim.com |
| Withdrawn status | Lost status | Source of classification or shelving scheme | Damaged status | Not for loan | Home library | Current library | Shelving location | Date acquired | Total Checkouts | Date last seen | Price effective from | Koha item type |
|---|---|---|---|---|---|---|---|---|---|---|---|---|
| Dewey Decimal Classification | Virtual | Virtual | Online | 04/12/2019 | 04/12/2019 | 04/12/2019 | Online material |